|
|
|
|
| LEADER |
00000nam0a2200000 4500 |
| 001 |
304438 |
| 005 |
20231102001712.0 |
| 010 |
|
|
|a 9785397051347
|
| 035 |
|
|
|a (RuTPU)RU\TPU\book\329685
|
| 090 |
|
|
|a 304438
|
| 100 |
|
|
|a 20150914d2016 m y0rusy50 ca
|
| 101 |
0 |
|
|a rus
|
| 102 |
|
|
|a RU
|
| 105 |
|
|
|a a j 001zy
|
| 200 |
1 |
|
|a Использование пакетов Maple, Mathcad и Latex 2 при решении математических задач и подготовке математических и естественно-научных текстов. Информационные технологии в математике
|e учебное пособие
|f Ю. Ю. Тарасевич
|
| 205 |
|
|
|a Изд. стер.
|
| 210 |
|
|
|a Москва
|c Либроком
|d 2016
|
| 215 |
|
|
|a 131 с.
|c ил.
|
| 320 |
|
|
|a Библиогр.: с. 131.
|
| 330 |
|
|
|a В настоящем учебном пособии рассматривается решение математических задач с использованием пакетов Maple и Mathcad, а также подготовка математических и естественно-научных текстов с использованием издательской системы ... Пособие снабжено упражнениями и контрольными работами.Для студентов физико-математических и технических специальностей вузов.
|
| 606 |
1 |
|
|a Математика
|x Информационные технологии
|2 stltpush
|3 (RuTPU)RU\TPU\subj\67269
|9 83149
|
| 610 |
1 |
|
|a MathCAD
|
| 610 |
1 |
|
|a численные методы
|
| 610 |
1 |
|
|a уравнения
|
| 610 |
1 |
|
|a интегралы
|
| 610 |
1 |
|
|a функции
|
| 610 |
1 |
|
|a Maple
|
| 610 |
1 |
|
|a символьные преобразования
|
| 610 |
1 |
|
|a математические тексты
|
| 610 |
1 |
|
|a естественно-научные тексты
|
| 610 |
1 |
|
|a подготовка
|
| 610 |
1 |
|
|a учебные пособия
|
| 675 |
|
|
|a 51-3(075.8)
|v 4
|
| 700 |
|
1 |
|a Тарасевич
|b Ю. Ю.
|g Юрий Юрьевич
|
| 801 |
|
1 |
|a RU
|b 63413507
|c 20150914
|
| 801 |
|
2 |
|a RU
|b 63413507
|c 20151109
|g RCR
|
| 900 |
|
|
|a Информационные технологии в математике
|
| 942 |
|
|
|c BK
|
| 952 |
|
|
|l 8
|
| 959 |
|
|
|a 116/20150914
|d 2
|e 199,00
|f ЧЗТЛ:2
|